Libro del buen tunar o Cancamusa prolixa de las glorias y andaduras de una tuna complutense / (Record no. 50214)

MARC details
000 -LEADER
campo de control de longitud fija 00738nam a2200205 i 4500
001 - NÚMERO DE CONTROL
campo de control 50214
003 - IDENTIFICADOR DE NÚMERO DE CONTROL
campo de control ES-MaACL
005 - FECHA Y HORA DE LA ÚLTIMA TRANSACCIÓN
campo de control 20230906162137.0
007 - CAMPO FIJO DE DESCRIPCIÓN FÍSICA--INFORMACIÓN GENERAL
campo de control de longitud fija t|
008 - DATOS DE LONGITUD FIJA--INFORMACIÓN GENERAL
campo de control de longitud fija 030801s1967 sp |||| | spa d
100 1# - ENTRADA PRINCIPAL--NOMBRE DE PERSONA
Nombre de persona Cruz y Aguilar, Emilio de la.
9 (RLIN) 41855
245 10 - MENCIÓN DEL TÍTULO
Título Libro del buen tunar o Cancamusa prolixa de las glorias y andaduras de una tuna complutense /
Mención de responsabilidad, etc. compuesto de Emilio de la Cruz y Aguilar ; lo ilumina Celedonio Perellón.
246 30 - FORMA VARIANTE DEL TITULO
Título propio/Titulo breve Cancamusa prolixa de las glorias y andaduras de una tuna complutense
250 ## - MENCION DE EDICION
Mención de edición 1ª ed.
260 ## - PUBLICACIÓN, DISTRIBUCIÓN, ETC.
Lugar de publicación, distribución, etc. [Madrid :
Nombre del editor, distribuidor, etc. s.n.],
Fecha de publicación, distribución, etc. 1967.
300 ## - DESCRIPCIÓN FÍSICA
Extensión 372 p. :
Otras características físicas il. ;
Dimensiones 20 cm.
700 1# - ENTRADA AGREGADA--NOMBRE PERSONAL
Nombre de persona Perellón, Celedonio.
9 (RLIN) 90507
852 ## - LOCALIZACIÓN
Ubicación ES-MaACL
Número de control de estantería C-39929
852 ## - LOCALIZACIÓN
Ubicación ES-MaACL
Número de control de estantería C-34225
Holdings
Estatus retirado Estado de pérdida Estado de daño No para préstamo Biblioteca de origen Biblioteca actual Ubicación en estantería Fecha de adquisición Fuente de adquisición Total de préstamos Signatura topográfica completa Código de barras Visto por última vez Precio de reemplazo Tipo de ítem Koha
        Biblioteca del Ateneo de Madrid Biblioteca del Ateneo de Madrid Depósito 2 17/01/2008     C-34225 1052822 23/02/2023 23/02/2023 Libro impreso
        Biblioteca del Ateneo de Madrid Biblioteca del Ateneo de Madrid Depósito 2 17/01/2008     C-39929 1052821 23/02/2023 23/02/2023 Libro impreso